[Event "POR-ch Absolute 2019"]
[Site "Portimao"]
[Date "2019.09.08"]
[Round "1.1"]
[White "Damaso, Rui"]
[Black "Rego, Pedro Filipe"]
[Result "1-0"]
[WhiteElo "2416"]
[BlackElo "2235"]
[Annotator "TA"]
[PlyCount "89"]
[EventDate "2019.09.07"]
[EventType "tourn"]
[EventCountry "POR"]
[SourceTitle "playchess.com"]
[Source "ChessBase"]
[SourceQuality "1"]

{[%evp 21,89,12,35,36,31,22,26,9,30,10,37,0,27,20,19,27,55,35,58,58,67,68,111,92,111,100,97,79,164,166,160,162,424,414,460,441,427,425,456,458,435,414,425,397,461,455,432,375,411,381,515,513,479,422,404,319,492,0,443,459,440,414,401,381,432,416,408,391,541,532]} 1. d4 d5 2. c4 e6 3. Nc3 Nf6 4. cxd5 exd5 5. Bg5 Be7 6. e3 c6 7. Bd3 O-O 8. Nge2 Nbd7 9. O-O Re8 10. Qc2 Nf8 11. Rad1 Nh5 12. Bxe7 {D36: Queen's Gambit Declined: Exchange Variation: Main line (5 Bg5 c6 6 Qc2)} Qxe7 13. a3 g6 {[#]} 14. Qd2 $146 {White has an edge.} ({Predecessor:} 14. b4 a5 15. Qb3 axb4 16. axb4 Ng7 17. Na4 Bf5 18. b5 Ra5 19. bxc6 bxc6 {½-½ (55) Ivanov,S (2524)-Babikov,I (2268) Stockholm 2018}) 14... Nf6 15. Bb1 N8d7 16. Ng3 Nb6 17. Rfe1 Be6 18. f3 c5 19. Qf2 cxd4 20. Rxd4 Rac8 21. Ba2 Rc5 22. Nge2 Qc7 23. Nf4 Kg7 24. Red1 Rd8 (24... h6 $16) 25. e4 $18 Qxf4 26. exd5 {[#]} Rcxd5 $2 (26... Ng4 $1 {[%mdl 512] keeps fighting.} 27. Rxf4 (27. fxg4 Qxf2+ 28. Kxf2 Bd7 $16) 27... Nxf2 28. Kxf2 (28. dxe6 $2 Nxd1 29. Rxf7+ Kh6 $19) 28... Bd7) 27. Bxd5 (27. Rxf4 $2 {perishes.} Rxd1+ 28. Nxd1 Rxd1+ 29. Qf1 Rxf1+ 30. Kxf1 Bxa2 $19) 27... Qe5 {[%cal Rf6d5]} 28. Bxe6 Rxd4 29. Qxd4 Qxe6 30. Ne4 Nbd5 31. Nxf6 Nxf6 {[%mdl 4096] Endgame KQR-KQN} 32. Kf2 b6 33. Re1 Qc6 34. Re2 h6 35. Qe5 a5 36. Rd2 Kh7 37. Qd6 Qc1 38. Re2 Kg7 (38... Nh5 {was called for.} 39. Qd2 Qc7) 39. Qe5 Qc6 $1 40. h3 Qc1 41. Qd4 Qc6 42. Kg1 h5 43. Kh2 Qc7+ 44. Qe5 Qc6 45. Rd2 {Accuracy: White = 65%, Black = 34%.} 1-0

[Event "POR-ch Absolute 2019"]
[Site "Portimao"]
[Date "2019.09.08"]
[Round "1.2"]
[White "Galego, Luis"]
[Black "Fernandes, Antonio"]
[Result "1/2-1/2"]
[WhiteElo "2501"]
[BlackElo "2368"]
[Annotator "TA"]
[PlyCount "83"]
[EventDate "2019.09.07"]
[EventType "tourn"]
[EventCountry "POR"]
[SourceTitle "playchess.com"]
[Source "ChessBase"]
[SourceQuality "1"]

{[%evp 16,83,51,33,43,0,35,30,32,23,34,30,47,47,47,49,66,29,68,36,40,35,35,35,35,36,35,35,43,36,36,29,26,9,11,0,33,7,40,30,39,37,43,20,20,20,27,3,4,0,0,0,0,0,0,-5,-8,-14,0,0,0,0,0,0,0,0,0,0,0,0]} 1. e4 e5 2. Nf3 Nc6 3. Bc4 Bc5 4. c3 Nf6 5. O-O d6 6. d4 Bb6 7. dxe5 dxe5 8. Qxd8+ Nxd8 9. Nxe5 Nxe4 {C53: Giuoco Piano sidelines} 10. Nd2 Nd6 $146 (10... Nxd2 {is more complex.} 11. Bxd2 f6 12. Rae1 Be6 13. Ng6 hxg6 14. Bxe6 Nxe6 15. Rxe6+ Kf7) (10... Nxf2 11. Rxf2 Bxf2+ 12. Kxf2 Nc6 13. Bxf7+ Kf8 14. Ndf3 Nxe5 15. Nxe5 h5 16. b3 Rh6 17. Ba3+ {1-0 (33) Langer,P (1118)-Witt,N Magdeburg 2015}) 11. Bb3 O-O {White has an edge.} 12. Ndc4 Nxc4 13. Nxc4 Bf5 14. Re1 Ne6 15. Re5 Bg6 16. Be3 Rfe8 17. Re1 Kf8 18. Ba4 Red8 19. Nxb6 axb6 20. Bb3 Ra5 21. Rxa5 bxa5 22. f3 Rd6 23. Kf2 b6 24. Bc4 Bd3 25. Bb3 Ba6 26. Ba4 Bc8 27. b4 {Strongly threatening bxa5.} axb4 28. cxb4 Bd7 29. Bxd7 Rxd7 $14 {[%mdl 4096] Endgame KRB-KRN} 30. a4 c5 31. a5 bxa5 $1 {The position is equal.} 32. bxa5 Ra7 33. Bd2 Ke7 34. Bc3 Kd6 35. Rd1+ Kc6 36. Ke3 Rb7 37. Ra1 Kd5 38. Kd3 Nf4+ 39. Kd2 Ne6 40. Ra4 g6 41. Kd3 Nd8 42. h4 {Accuracy: White = 53%, Black = 74%.} 1/2-1/2

[Event "POR-ch Absolute 2019"]
[Site "Portimao"]
[Date "2019.09.08"]
[Round "1.3"]
[White "Veiga, Jose Francisco R P N"]
[Black "Dias, Paulo"]
[Result "0-1"]
[WhiteElo "2345"]
[BlackElo "2322"]
[Annotator "TA"]
[PlyCount "66"]
[EventDate "2019.09.07"]
[EventType "tourn"]
[EventCountry "POR"]
[SourceTitle "playchess.com"]
[Source "ChessBase"]
[SourceQuality "1"]

{[%evp 12,65,20,17,17,17,17,17,17,-21,-6,-15,-6,-16,-7,0,-14,0,0,0,0,-15,-11,-39,-47,-34,3,4,12,3,10,22,12,22,5,-28,-39,-543,-540,-540,-531,-610,-596,-830,-710,-847,-708,-656,-605,-609,-539,-29997,-29998,-29998,-29999,-29999]} 1. e4 c6 2. Nc3 d5 3. Nf3 Nf6 4. e5 Ne4 5. Bd3 Nc5 6. Bf1 Ne4 7. Ne2 Qb6 {[%csl Ge4][%cal Rb6f2] B11: Caro-Kann: Two Knights Variation} 8. d4 e6 9. Ng3 c5 {The position is equal.} 10. Bd3 Nxg3 $1 11. hxg3 cxd4 12. Ng5 Nc6 13. Nxh7 {Hoping for Nf6+!} Bd7 {[#] White should prevent ...Bb4+.} 14. Nf6+ $1 {[%mdl 512]} gxf6 15. Rxh8 {[#]} O-O-O $146 {And now ...Bb4+ would win.} 16. Kf1 fxe5 17. Qh5 e4 18. Be2 Bd6 19. Rxd8+ Nxd8 20. Qh8 Bb5 21. Bxb5 Qxb5+ 22. Kg1 e3 $1 $132 {[%mdl 2048] White must now prevent ...Qe2! Black puts up resistance} 23. fxe3 Qe2 {[%mdl 64] [#] Double Attack} 24. Qf6 $2 {[%mdl 8192]} (24. Kh2 $15) 24... Bxg3 $19 {( -> ...Qe1+)} 25. Bd2 Qxd2 26. exd4 Qxc2 {...Qh7 is the strong threat.} 27. Qg5 {Threatens to win with Rc1.} Qf2+ 28. Kh1 Bf4 29. Qf6 Qg3 {[%csl Gf4][%cal Rg3h2]} 30. Qh8 Qg5 31. Qe8 Qh4+ {Black mates.} 32. Kg1 Be3+ {[%mdl 64] Double Attack, Discovered Attack} 33. Kf1 Qf2# {Accuracy: White = 39%, Black = 85%.} 0-1

[Event "POR-ch Absolute 2019"]
[Site "Portimao"]
[Date "2019.09.08"]
[Round "1.4"]
[White "Rocha, Sergio"]
[Black "Sousa, Andre Ventura"]
[Result "0-1"]
[WhiteElo "2356"]
[BlackElo "2362"]
[Annotator "TA"]
[PlyCount "80"]
[EventDate "2019.09.07"]
[EventType "tourn"]
[EventCountry "POR"]
[SourceTitle "playchess.com"]
[Source "ChessBase"]
[SourceQuality "1"]

{[%evp 13,80,-4,0,-6,-10,-12,-16,-12,13,-12,0,-7,0,-20,0,0,0,0,0,-22,-20,-28,-28,-28,-28,-54,-50,-63,-55,-64,-18,-207,-207,-200,-189,-192,-170,-217,-206,-207,-208,-228,-222,-265,-252,-253,-210,-302,-182,-299,-294,-304,-276,-989,-981,-913,-983,-977,-940,-912,-868,-1479,-1453,-2208,-816,-755,-770,-720,-686]} 1. e4 e5 2. Nf3 Nc6 3. Bc4 Nf6 4. d3 Be7 5. O-O O-O 6. Nc3 d6 7. h3 Na5 8. a4 {C55: Two Knights: 4 d3, 4 d4 exd4 5 e5 and Max Lange Attack} Nxc4 9. dxc4 a5 10. Qe2 {The position is equal.} c6 11. Rd1 Qc7 12. b3 Be6 $146 ({Predecessor:} 12... Nd7 13. Be3 Nc5 14. Rd2 Ne6 15. Rad1 {½-½ (41) Moussard,J (2570)-Piorun,K (2633) Brest 2018}) 13. Bb2 Nh5 14. Bc1 Nf6 15. Rd3 Rad8 16. Bg5 h6 17. Bxf6 Bxf6 18. Rad1 Be7 19. g4 g6 20. Ne1 Kh7 21. Ng2 f5 22. Rf3 $2 (22. exf5 $11 {and White is okay.} gxf5 23. Rg3) 22... f4 $19 23. Rfd3 {[#]} h5 $1 {[%mdl 512]} 24. f3 (24. gxh5 Rh8) 24... Kg7 25. Kf1 hxg4 26. hxg4 {[#]} Bxg4 $1 {[%mdl 512]} 27. fxg4 {[#]} f3 $1 {[%cal Rf3e2]} 28. Qd2 {Threatens to win with Ne1.} fxg2+ 29. Kxg2 Rf4 30. Rh3 (30. Rh1 $142) 30... Rdf8 31. Rdh1 (31. Kh1 {is a better defense.}) 31... Rxg4+ 32. Rg3 Bg5 33. Qd3 $2 {[#]} (33. Qe2 Rxg3+ 34. Kxg3) 33... Qf7 $1 {[%mdl 512] ( -> ...Qf2+). Black is clearly winning.} 34. Nd1 Qf4 {aiming for ...Bh4.} 35. Rhh3 Bh4 36. Rxg4 Qxg4+ 37. Kh2 Bf2 {[%csl Gf2][%cal Rg4g1]} 38. Qf1 Bg3+ (38... Qf4+ $142 39. Kh1 Qxe4+ {[%mdl 64] Double Attack} 40. Qg2 Qe1+ {[%mdl 64] Double Attack} 41. Kh2 Qxd1) 39. Rxg3 {[#]} Qxg3+ $1 {[%mdl 512]} 40. Kxg3 Rxf1 {Accuracy: White = 28%, Black = 63%.} 0-1

[Event "POR-ch Absolute 2019"]
[Site "Portimao"]
[Date "2019.09.09"]
[Round "2.2"]
[White "Sousa, Andre Ventura"]
[Black "Leonardo, Joao"]
[Result "1-0"]
[WhiteElo "2362"]
[BlackElo "2177"]
[Annotator "TA"]
[PlyCount "37"]
[EventDate "2019.09.07"]
[EventType "tourn"]
[EventCountry "POR"]
[SourceTitle "playchess.com"]
[Source "ChessBase"]
[SourceQuality "1"]

{[%evp 9,37,39,45,40,45,35,44,33,36,26,65,60,73,67,61,56,103,88,106,106,101,110,296,280,355,341,343,342,337,331]} 1. e4 Nc6 2. Nf3 d6 3. d4 Nf6 4. Nc3 g6 5. h3 Bg7 6. Bg5 {B00: Queen's Fianchetto Defence, Nimzowitsch Defence} (6. Be3 O-O 7. Qd2 a6 8. d5 Na7 9. a4 c6 10. Be2 Bd7 11. O-O b5 12. dxc6 Bxc6 13. e5 b4 14. exf6 bxc3 15. fxe7 cxd2 16. exd8=Q Rfxd8 {½-½ (49) Nisipeanu,L (2667)-Maghsoodloo,P (2671) Malmo 2019}) 6... O-O 7. Qd2 a6 8. d5 {White is slightly better.} Nb8 9. Bh6 e5 10. dxe6 Bxe6 11. Bxg7 Kxg7 12. Nd4 $146 ({Predecessor:} 12. Bd3 Nc6 13. O-O Nd7 14. Nh2 {½-½ (64) Touzane,O (2314)-Ternault,M (2339) Hossegor 2018}) 12... Re8 13. O-O-O $36 {[%mdl 2048] White is in control.} Nc6 14. g4 Bd7 15. Bg2 Qe7 $2 {[#]} (15... Nxd4 $16 16. Qxd4 Kg8) 16. g5 $18 Nh5 17. Nd5 $1 {[%csl LRc7,LRe7]} Qd8 18. Bf3 Be6 19. Bxh5 {Accuracy: White = 59%, Black = 47%.} 1-0

[Event "POR-ch Absolute 2019"]
[Site "Portimao"]
[Date "2019.09.09"]
[Round "2.4"]
[White "Fernandes, Antonio"]
[Black "Veiga, Jose Francisco R P N"]
[Result "0-1"]
[WhiteElo "2368"]
[BlackElo "2345"]
[Annotator "TA"]
[PlyCount "70"]
[EventDate "2019.09.07"]
[EventType "tourn"]
[EventCountry "POR"]
[SourceTitle "playchess.com"]
[Source "ChessBase"]
[SourceQuality "1"]

{[%evp 18,70,44,28,43,27,34,1,0,-12,-23,-23,0,0,-3,-17,-5,0,0,-7,-12,-16,21,-14,-14,-20,0,-22,164,165,285,274,248,228,422,403,443,430,395,0,289,0,45,0,0,-7,-35,-29,-34,-160,-137,-158,-87,-976,-939]} 1. d4 Nf6 2. c4 e6 3. Nc3 c5 4. d5 exd5 5. cxd5 d6 6. Nf3 g6 7. Bf4 a6 8. a4 Bg7 9. h3 O-O 10. e3 Re8 {A61: Modern Benoni: Nf3 without early e4} (10... Ne8 11. Be2 Nd7 12. O-O Rb8 13. a5 b5 14. axb6 Rxb6 15. Qc2 Qe7 16. Nd2 Ne5 17. Bh2 f5 18. Rfe1 {1-0 (36) Gledura,B (2622)-Perunovic,M (2604) Hungary 2019}) 11. Be2 Ne4 12. Rc1 Nd7 {[%cal Bb8d7,Bd7f6,Bf6e4,Be4c3][%mdl 32] The position is equal.} 13. Nxe4 $146 (13. Nd2 {keeps more tension.} Nxd2 14. Qxd2 Ne5 15. O-O f5 16. Ra1) ({Predecessor:} 13. O-O Ndf6 14. Qb3 b6 15. Rfd1 Bb7 16. Ne1 Rb8 17. Nc2 Nxc3 18. bxc3 {½-½ (32) Pruvot,L (2216)-Roser,K (2394) Paris 2016}) 13... Rxe4 14. b3 Nf6 15. O-O Rb4 16. Rc4 Ne4 {Black wants to play ...Nc3.} 17. Qc2 $36 {[%mdl 2048] White has the initiative.} Rxc4 18. bxc4 Nc3 19. Bd3 Bd7 (19... b5 $5) 20. a5 Qxa5 21. Bxd6 Ba4 22. Qb2 Rd8 $2 (22... b5 $1 $11) 23. Be5 $1 $18 {[%cal Re5g7] Hoping for Bxg7.} Qb4 (23... b5 $142) 24. Qa1 $1 Bxe5 25. Nxe5 {aiming for Rc1.} Bb3 $2 (25... Bd1 {was called for.} 26. Rxd1 Nxd1) 26. Rc1 Na2 27. Rb1 Nc3 28. Rc1 Na2 $1 {[#]} 29. Rf1 $2 (29. Ng4 $1 $18 {[%cal Rg4h6][%mdl 512]} Qd2 30. Nh6+ Kf8 31. Qh8+ {[%mdl 64] Double Attack} Ke7 32. Qe5+ Kd7 33. Ra1) 29... a5 {[%cal Ba6a5,Ba5a4,Ba4b3][%mdl 32]} 30. Bc2 (30. Ng4 $14 Qc3 31. Nf6+ Kf8 32. Ne4 (32. Nxh7+ Kg7 $11) 32... Qxa1 33. Rxa1) 30... a4 $11 31. Bxb3 axb3 32. Qb2 $1 Nc3 {White must now prevent ...Na4.} 33. Ng4 ({Better is} 33. Ra1 $15) 33... Qxc4 $17 34. Re1 Qd3 (34... b5 $142 {...b4 is the strong threat.} 35. Ne5 Qxd5 36. Qxc3 Qd2 37. Qxd2 Rxd2) 35. Ra1 $2 {[%mdl 8192]} (35. Nf6+ $17 Kg7 {[#]} 36. Ne4 $1 {[%mdl 512]} Qxe4 37. Qxc3+ Kg8 38. Qxb3) 35... Qc2 {Accuracy: White = 41%, Black = 34%.} 0-1

[Event "POR-ch Absolute 2019"]
[Site "Portimao"]
[Date "2019.09.09"]
[Round "2.5"]
[White "Damaso, Rui"]
[Black "Galego, Luis"]
[Result "1/2-1/2"]
[WhiteElo "2416"]
[BlackElo "2501"]
[Annotator "TA"]
[PlyCount "51"]
[EventDate "2019.09.07"]
[EventType "tourn"]
[EventCountry "POR"]
[SourceTitle "playchess.com"]
[Source "ChessBase"]
[SourceQuality "1"]

{[%evp 27,28,0,25]} 1. e4 e5 2. Nf3 Nc6 3. Bb5 a6 4. Ba4 Nf6 5. O-O b5 6. Bb3 Be7 7. Re1 d6 8. c3 O-O 9. h3 Bb7 10. d4 Re8 11. Ng5 Rf8 12. Nf3 Re8 13. Ng5 Rf8 14. Nf3 Re8 {[#]} {Predecessor:} 15. Nbd2 $146 Bf8 16. a3 g6 17. Ba2 Bg7 18. b4 exd4 19. cxd4 a5 20. Rb1 axb4 21. d5 Ne5 22. Nxe5 dxe5 23. Rxb4 c6 24. dxc6 Bxc6 25. Qf3 Bf8 26. Rb1 {1-0 (33) Topalov,V (2740)-Mamedyarov,S (2790) Shamkir 2019} 1/2-1/2

[Event "POR-ch Absolute 2019"]
[Site "Portimao"]
[Date "2019.09.10"]
[Round "3.1"]
[White "Galego, Luis Miguel A Brito"]
[Black "Rego, Pedro Filipe"]
[Result "1-0"]
[WhiteElo "2501"]
[BlackElo "2235"]
[Annotator "TA"]
[PlyCount "88"]
[EventDate "2019.09.07"]
[EventType "tourn"]
[EventCountry "POR"]
[SourceTitle "playchess.com"]
[Source "ChessBase"]
[SourceQuality "1"]

{[%evp 10,88,8,-8,14,-20,0,0,0,1,7,2,2,0,10,-32,-12,-32,-14,-6,33,36,55,55,54,42,62,52,56,58,54,54,70,70,89,88,75,74,91,45,182,175,211,193,203,152,147,141,169,177,348,368,361,361,365,262,372,299,331,264,349,273,354,352,352,296,318,318,580,566,550,371,894,883,883,880,868,822,1055,816,29992]} 1. Nf3 c5 2. e4 Nc6 3. Nc3 g6 4. g3 Bg7 5. Bg2 d6 6. d3 e5 {B25: Closed Sicilian: 3 g3, lines without early Be3} (6... Nf6 7. O-O O-O 8. Be3 Ng4 9. Bd2 Nf6 10. Be3 Ng4 11. Bd2 Nf6 {½-½ (11) Guseinov,G (2634)-Mamedov,R (2657) Berlin 2015}) 7. Nd5 h6 8. c3 Nge7 {The position is equal.} 9. Nxe7 Qxe7 10. Be3 $146 ({Predecessor:} 10. O-O O-O 11. Nh4 Kh7 12. Be3 Be6 13. Qe1 Bf6 14. Qd2 Bxh4 15. gxh4 Qxh4 {0-1 (46) Shiripov,K-Shchukin,D (2389) St Petersburg 2001}) 10... O-O 11. O-O Be6 12. Nd2 Rac8 13. a3 f5 {[#] Strongly threatening ...f4.} 14. exf5 gxf5 {Hoping for ...f4.} 15. f4 Kh7 16. Qe2 Rce8 17. Rae1 Bd7 18. Qd1 b6 19. Nc4 b5 20. Nd2 a5 21. a4 bxa4 22. Nc4 Rb8 23. Bc1 Qe6 24. fxe5 dxe5 (24... Nxe5 $14 25. Nxa5 d5) 25. Qxa4 $18 Rfd8 26. Qc2 Be8 27. Ne3 Ne7 28. Qe2 Bg6 29. Nc4 {[%mdl 64] [#] Double Attack} Nc8 $2 (29... Nc6 30. Bxc6 Qxc6) 30. Nxe5 Re8 {[%cal Re6e5]} 31. Bf4 Qa2 32. Rf2 Nd6 (32... a4 {was worth a try.} 33. Qc2 Rb6) 33. Qd2 Nf7 {[%cal Rf7e5]} 34. Nc4 Rbd8 35. Rff1 Rxe1 36. Rxe1 Qa4 37. h4 Qd7 38. Re3 ({Don't take} 38. Nxa5 Qxd3 39. Qxd3 Rxd3 $18) 38... a4 $2 (38... Re8 {was called for.} 39. Nxa5 Rxe3) 39. Qe2 h5 40. Bf3 Bh6 $2 (40... a3 41. Nxa3 Bh6 42. Bxh5 Bxf4 43. Bxg6+ Kxg6 44. gxf4 Kf6) 41. Bxh5 {White is clearly winning.} Bxf4 42. Bxg6+ Kxg6 43. gxf4 Kf6 44. Rg3 {Threatening mate with h5.} Qd6 {Accuracy: White = 74%, Black = 24%.} 1-0

[Event "POR-ch Absolute 2019"]
[Site "Portimao"]
[Date "2019.09.10"]
[Round "3.4"]
[White "Leonardo, Joao"]
[Black "Dias, Paulo"]
[Result "0-1"]
[WhiteElo "2177"]
[BlackElo "2322"]
[Annotator "TA"]
[PlyCount "206"]
[EventDate "2019.09.07"]
[EventType "tourn"]
[EventCountry "POR"]
[SourceTitle "playchess.com"]
[Source "ChessBase"]
[SourceQuality "1"]

{[%evp 17,206,-12,-15,-28,-22,-32,0,0,0,-3,-6,-10,-1,-15,-4,-3,-7,-18,-8,-18,-11,-11,-13,-22,-25,-26,-11,-33,-31,-47,-57,-67,-75,-79,-79,-109,-109,-110,-118,-134,-133,-128,-134,-116,-135,-147,-147,-110,-98,-87,-79,-71,-29,-29,-29,-29,-31,-40,-40,-40,-39,-54,-37,-37,-29,-43,-42,-43,-43,-43,-41,-54,-54,-51,-40,-46,-40,-61,-40,-40,-40,-35,-33,-39,-39,-40,-40,-50,-40,-39,-23,-42,-8,-10,0,-30,-12,-12,-12,-30,-12,-13,0,-30,-8,-8,-8,-8,-8,-8,0,-20,-8,-14,-8,-9,-8,-30,-30,-30,-30,-36,-34,-60,-60,-60,-13,-57,-59,-264,-250,-249,-256,-262,-241,-268,-268,-261,-250,-250,-250,-250,-108,-108,-108,-108,-108,-108,-108,-108,-108,-108,-108,-108,-108,-108,0,-89,0,-89,-89,-89,-66,-66,-66,-66,-66,-108,-89,-108,-108,-264,-264,-858,-912,-850,-829,-1477,-1914,-1477,-1376,-1311,-936,-2225,-1938,-5949,-5664,-4134,-754,-1310,-1112]} 1. g3 Nf6 2. Bg2 d5 3. Nf3 g6 4. O-O Bg7 5. d3 O-O 6. Nbd2 c5 7. e4 Nc6 8. c3 e5 9. Re1 d4 10. cxd4 {A08: King's Indian Attack} (10. Nc4 Re8 11. a4 Bf8 12. Bd2 Nd7 13. cxd4 cxd4 14. a5 Qf6 15. Rf1 Rb8 16. Ne1 b5 17. axb6 Nxb6 {½-½ (48) Maghsoodloo,P (2636)-Jumabayev,R (2594) Hamedan 2018}) 10... cxd4 11. Nc4 Bg4 12. h3 {The position is equal.} Bxf3 $1 13. Bxf3 b5 14. Na3 $146 ({Predecessor:} 14. Nd2 Rc8 15. a3 h5 16. h4 Qd6 17. b4 Ne7 {½-½ (26) Dembowski,A (1911)-Najdzionek,B (1921) Rowy 2012}) 14... a6 15. Bd2 Qd6 16. Qb3 Rfc8 17. Rac1 Bf8 18. Kg2 Nd8 19. Rxc8 Rxc8 20. Rc1 Rxc1 21. Bxc1 Nd7 22. Qd1 Nc5 23. b3 Nc6 {[%cal Bd8c6,Bc6a7,Ba7b5,Bb5c3][%mdl 32]} 24. Nc2 b4 25. Ne1 Na7 26. Qc2 Nb5 27. Qc4 Nc3 28. a3 {[#]} Qe6 $1 29. axb4 Nxb3 30. Qxe6 fxe6 31. Ba3 a5 32. Nc2 Nb5 33. Bd1 Nxa3 34. Nxa3 $17 {[%mdl 4096] Endgame KBN-KBN} a4 35. Nc4 $1 Bxb4 {Threatens to win with ...Nc5.} 36. Nb6 Nc5 {White must now prevent ...a3.} 37. Nxa4 Nxd3 38. Kf1 Kf7 39. Be2 Ne1 40. Nb2 Nc2 41. Nd3 {Bd1 is the strong threat.} Bd6 42. Bd1 Na3 43. Bb3 Nb1 44. Ke2 Nc3+ 45. Kf3 Kf6 46. Bc2 Ba3 47. Ne1 Bc1 48. Nd3 Bh6 49. Nc5 Ke7 50. Nd3 Kd6 51. Nb2 Bg7 52. Bb3 Bf6 53. h4 h5 54. Nd3 Bg7 55. Nb2 Bf6 56. Nd3 Bh8 57. Nb2 Bg7 58. Nd3 Bh6 59. Nb2 Bg7 60. Nd3 Bf6 61. Nb2 Nb5 62. Ke2 Nc7 63. Nd3 Nb5 64. Kf3 Bg7 65. Ke2 Ke7 66. Kf3 Kf6 67. Ke2 Bf8 68. Kf3 Nc3 69. Nc1 Bh6 70. Nd3 Nb1 {aiming for ...Nd2+.} 71. Nc5 {[#]} d3 $1 {[%mdl 512] Hoping for ...Nd2+.} 72. Bd1 (72. Nxd3 Nd2+) 72... Nc3 73. Nd7+ $2 (73. Bb3 $15) 73... Ke7 $19 74. Nxe5 {If White can now play Bb3 this consolidates a bit.} Nxd1 75. Nxd3 Kf6 76. Kg2 Nc3 77. f3 Be3 78. f4 Nxe4 79. Kf3 {[#]} Kf5 (79... Nxg3 $1 $19 80. Kxg3 Kf5) 80. Kxe3 $17 Nxg3 {KN-KN} 81. Kf3 Ne4 82. Ke3 Nc3 83. Kf3 Nb5 84. Nf2 Nd4+ 85. Ke3 Nc2+ 86. Kf3 Nd4+ 87. Ke3 Nc2+ 88. Kf3 $1 Nb4 89. Ne4 Nd5 90. Ng3+ Kf6 91. Ne4+ Ke7 92. Nf2 Nb4 93. Ke4 Kf6 94. Nh1 $2 (94. Kf3 $17 {was worth a try.}) 94... Nc6 $19 95. Kf3 $2 (95. Nf2) 95... Nd4+ {Black is clearly winning.} 96. Kg3 Kf5 97. Nf2 Ne2+ {[%mdl 64] Double Attack} 98. Kf3 Nxf4 99. Ne4 e5 100. Ng5 Ne6 101. Ne4 Nd4+ 102. Ke3 Nc2+ 103. Kf3 Ne1+ {Accuracy: White = 53%, Black = 63%.} 0-1

[Event "POR-ch Absolute 2019"]
[Site "Portimao"]
[Date "2019.09.10"]
[Round "3.5"]
[White "Fidalgo, Andre Neves"]
[Black "Sousa, Andre Ventura"]
[Result "1/2-1/2"]
[WhiteElo "2261"]
[BlackElo "2362"]
[Annotator "TA"]
[PlyCount "93"]
[EventDate "2019.09.07"]
[EventType "tourn"]
[EventCountry "POR"]
[SourceTitle "playchess.com"]
[Source "ChessBase"]
[SourceQuality "1"]

{[%evp 23,93,0,0,-27,-20,-13,-13,-28,6,16,15,6,25,-2,0,0,0,-12,-4,-7,0,0,0,0,0,0,0,0,20,0,0,0,0,0,0,0,0,0,0,-35,-12,-9,-9,-14,-11,-18,-18,-20,0,-4,0,-24,0,-13,-9,-9,-9,-7,5,5,5,6,4,0,0,0,0,0,0,0,7,0]} 1. d4 Nf6 2. c4 g6 3. Nf3 Bg7 4. g3 d5 5. cxd5 Nxd5 6. Bg2 Nb6 7. O-O Nc6 8. e3 e5 9. dxe5 Qxd1 10. Rxd1 Nxe5 11. Nxe5 Bxe5 12. Nc3 O-O 13. Rb1 $146 {D76: Fianchetto Grünfeld: Main Line with 7...Nb6} ({Predecessor:} 13. e4 Bg7 14. Be3 Bg4 15. f3 Be6 16. Bd4 Bxd4+ 17. Rxd4 c5 18. Rd3 Rad8 19. Rad1 Rxd3 20. Rxd3 Nc4 {1-0 (39) Nikolic,P (2655)-Anand,V (2765) Linares 1997}) 13... Bg4 14. f3 Be6 15. f4 Bg7 (15... Bxc3 $5 16. bxc3 Rfd8 $11) 16. Bxb7 Rab8 17. Bf3 Nc4 18. Nd5 Na3 19. Ra1 c5 (19... Nc2 $5 20. Rb1 $8 Na3 $11) 20. e4 Nc2 21. Rb1 Na3 22. Ra1 Nc2 23. Rb1 Rfd8 24. Ne7+ Kf8 25. Nc6 Bd4+ 26. Nxd4 Nxd4 27. Kf2 Bxa2 28. Ra1 Bb3 29. Rd2 Rd7 30. Ra5 Rc7 31. Bd1 (31. f5 {is interesting.} Bc4 32. Bd1 Bb3 33. f6 Ke8 34. Bf3) 31... Bxd1 32. Rxd1 Nb3 33. Ra2 Rb4 34. Kf3 Rd4 35. Re1 Rd3+ (35... Rc4 $5 36. Be3 $8 a5 $11) 36. Ke2 Rd4 37. Kf3 Re7 (37... Rc4 $5 38. Be3 $8 a5 $11) 38. Ra3 {The position is equal.} Rd3+ 39. Re3 Nd4+ 40. Kf2 Rxe3 41. Bxe3 Rxe4 42. Rxa7 $11 {KRB-KRN} Ne6 43. Bd2 Nd4 44. Be3 Ne6 45. Bd2 Nd4 {[#] White must now prevent ...Re2+.} 46. Be3 Ne6 47. Bd2 {Accuracy: White = 53%, Black = 59%.} 1/2-1/2

[Event "POR-ch Absolute 2019"]
[Site "Portimao"]
[Date "2019.09.11"]
[Round "4"]
[White "Galego, Luis"]
[Black "Veiga, Jose Francisco R P N"]
[Result "1-0"]
[WhiteElo "2501"]
[BlackElo "2345"]
[Annotator "ChessBase"]
[PlyCount "87"]
[EventDate "2019.??.??"]
[EventCountry "POR"]
[SourceTitle "playchess.com"]
[Source "ChessBase"]
[SourceQuality "1"]
[TimeControl "5400+30"]

1. d4 Nf6 2. Nf3 e6 3. e3 c5 4. Bd3 b6 5. O-O Bb7 6. Nbd2 Be7 7. e4 cxd4 8. Nxd4 d6 9. c4 O-O 10. b3 Nbd7 11. Re1 Rc8 12. Bb2 Re8 13. Rc1 Qc7 14. b4 Qb8 15. a3 Ne5 16. Bf1 Bf8 17. N4f3 Nfd7 18. Nxe5 dxe5 19. Nf3 Red8 20. Qb3 Be7 21. h3 Bf6 22. Qe3 a5 23. Bc3 Qa8 24. h4 Ba6 25. Bb2 Qb8 26. g3 Qc7 27. Red1 Be7 28. Qb3 Bb7 29. Re1 Bd6 30. Bc3 Nb8 31. Rb1 Ba8 32. Qb2 f6 33. Qb3 Nc6 34. c5 bxc5 35. Qxe6+ Kh8 36. b5 Nd4 37. Bxd4 cxd4 38. b6 Qd7 39. Qxd7 Rxd7 40. Bh3 Rcd8 41. Bxd7 Rxd7 42. Rec1 Bb7 43. Nd2 d3 44. Rc3 1-0